[Event "Titled Tuesday intern op 18th Jun Late"]
[Site "Chess.com INT"]
[Date "2024.06.18"]
[Round "2"]
[White "Donchenko, Anatoly G"]
[Black "Guzman Lozano, Campo Elias"]
[Result "1-0"]
[WhiteElo "2233"]
[BlackElo "1868"]
[PlyCount "117"]
[EventDate "2024.06.18"]
[EventType "swiss (blitz)"]
[EventRounds "11"]
[EventCountry "USA"]
[SourceTitle "EXT 2025"]
[Source "ChessBase"]
[SourceDate "2024.10.14"]
[SourceVersion "1"]
[SourceVersionDate "2024.10.14"]
[SourceQuality "1"]

1. Nf3 c5 2. c4 Nc6 3. d4 cxd4 4. Nxd4 Nf6 5. Nc3 g6 6. g3 Bg7 7. Bg2 0-0 8. 0-0 a6 9. Nb3 d6 10. h3 Rb8 11. c5 Ne8 12. cxd6 Nxd6 13. Bf4 e5 14. Be3 Nc4 15. Bc1 Be6 16. Nc5 Qe7 17. Nxe6 Qxe6 18. b3 Nb6 19. Nd5 Nxd5 20. Qxd5 Qe7 21. Be3 Rfd8 22. Qc5 Qxc5 23. Bxc5 Rd2 24. e3 e4 25. Rad1 Rxa2 26. Bxe4 Rc8 27. Rd7 Ne5 28. Rd5 Ra5 29. b4 Rb5 30. Rfd1 Bf6 31. f4 Nc6 32. Bd3 Rxb4 33. Bxb4 Nxb4 34. Rd7 b5 35. Be4 Na2 36. Bd5 Nc3 37. Bxf7+ Kh8 38. R1d6 Ne4 39. Rxa6 Nc5 40. Raa7 Nxd7 41. Rxd7 b4 42. Rb7 Bc3 43. Kf2 Rd8 44. Kf3 Be1 45. g4 Bc3 46. g5 Rf8 47. Bd5 Rd8 48. e4 Bd2 49. Kg4 Bc3 50. h4 Be1 51. h5 gxh5+ 52. Kxh5 Bd2 53. f5 Bc3 54. f6 Rf8 55. Re7 Bd2 56. e5 Bc3 57. g6 hxg6+ 58. Kxg6 Rd8 59. Rh7# 1-0

[Event "Titled Tuesday intern op 18th Jun Late"]
[Site "Chess.com INT"]
[Date "2024.06.18"]
[Round "7"]
[White "Donchenko, Anatoly G"]
[Black "Manvelyan, Mikayel"]
[Result "1-0"]
[WhiteElo "2233"]
[BlackElo "2289"]
[PlyCount "141"]
[EventDate "2024.06.18"]
[EventType "swiss (blitz)"]
[EventRounds "11"]
[EventCountry "USA"]
[SourceTitle "EXT 2025"]
[Source "ChessBase"]
[SourceDate "2024.10.14"]
[SourceVersion "1"]
[SourceVersionDate "2024.10.14"]
[SourceQuality "1"]

1. Nf3 Nf6 2. c4 e6 3. g3 d5 4. Bg2 dxc4 5. Qa4+ Nbd7 6. Qxc4 c5 7. 0-0 Be7 8. a4 0-0 9. d4 cxd4 10. Nxd4 Nb6 11. Qd3 e5 12. Nb5 Qxd3 13. exd3 Bf5 14. Rd1 Nbd5 15. N1c3 Nxc3 16. bxc3 a6 17. Na3 Rab8 18. Nc4 e4 19. dxe4 Bxe4 20. Bf4 Rbc8 21. Na5 Rxc3 22. Bxe4 Nxe4 23. Nxb7 Bf6 24. Rac1 h6 25. Kg2 Rfc8 26. Rxc3 Nxc3 27. Rd6 Nxa4 28. Rxa6 Nc3 29. Nd6 Rd8 30. h4 Nd5 31. Ne4 Nxf4+ 32. gxf4 Bxh4 33. Kf3 Be7 34. Ra7 Kf8 35. Ng3 g6 36. f5 Rd6 37. fxg6 fxg6 38. Ne4 Re6 39. Ng3 Kf7 40. Kg2 Re5 41. Nf1 Kf6 42. Ne3 h5 43. Ra6+ Kf7 44. Rc6 g5 45. Nc4 Rd5 46. Rc7 Ke6 47. Rc6+ Kf7 48. Rc7 g4 49. Ne3 Re5 50. Nc4 Re6 51. Ne3 Kg6 52. Rc4 Bg5 53. Nd5 Kf5 54. Nc7 Re5 55. Ne8 h4 56. Nd6+ Ke6 57. Ne4 Bf4 58. Ra4 h3+ 59. Kg1 Rd5 60. Ra1 Kf5 61. Nc3 Rd3 62. Ne2 Kg5 63. Ra5+ Kh4 64. Nxf4 Rd1+ 65. Kh2 g3+ 66. fxg3+ Kg4 67. Ra3 Rd2+ 68. Kg1 h2+ 69. Kh1 Rc2 70. Ra4 Kxg3 71. Ne2+ 1-0

[Event "Titled Tuesday intern op 13th Feb Late"]
[Site "Chess.com INT"]
[Date "2024.02.13"]
[Round "5"]
[White "Cuenca Jimenez, Jose Fernando"]
[Black "Donchenko, Anatoly G"]
[Result "1-0"]
[WhiteElo "2499"]
[BlackElo "2233"]
[PlyCount "145"]
[EventDate "2024.02.13"]
[EventType "swiss (blitz)"]
[EventRounds "11"]
[EventCountry "USA"]
[SourceTitle "CBM 218 Extra"]
[Source "ChessBase"]
[SourceDate "2024.03.31"]
[SourceVersion "1"]
[SourceVersionDate "2024.03.31"]
[SourceQuality "1"]

1. c4 e6 2. Nf3 d5 3. d4 dxc4 4. e3 Nf6 5. Bxc4 c5 6. 0-0 a6 7. dxc5 Bxc5 8. Qxd8+ Kxd8 9. Ne5 Ke7 10. Be2 Nbd7 11. Nc4 b6 12. a3 a5 13. Nc3 Ba6 14. Rb1 Bxc4 15. Bxc4 Ne5 16. Bb5 Rhd8 17. b4 axb4 18. axb4 Bd6 19. f4 Neg4 20. h3 Nh6 21. g4 Nhg8 22. g5 Nd7 23. Rd1 Rac8 24. Ne4 Bb8 25. Bb2 f5 26. Nf2 g6 27. Rd2 Nf8 28. Rbd1 Rxd2 29. Rxd2 e5 30. Nd3 exf4 31. Nxf4 Kf7 32. Ba4 Ne7 33. Bb3+ Ke8 34. Kg2 Rd8 35. Bf7+ Kxf7 36. Rxd8 Bxf4 37. exf4 Ne6 38. Rd6 Nxf4+ 39. Kf3 Nxh3 40. Bf6 Ng8 41. Kg3 Ng1 42. Kf2 Nh3+ 43. Kg3 Ng1 44. Rd7+ Ke6 45. Rb7 Nxf6 46. Rxb6+ Kf7 47. Rxf6+ Kg7 48. Rb6 Ne2+ 49. Kf3 Nd4+ 50. Kf4 h5 51. Rb7+ Kf8 52. Ke5 Nc6+ 53. Kf6 h4 54. b5 Nd8 55. Rh7 Ke8 56. Rxh4 Kd7 57. Rd4+ Kc7 58. Kxg6 Ne6 59. Rc4+ Kd7 60. Kxf5 Ng7+ 61. Ke5 Ne6 62. Rd4+ Ke7 63. Rg4 Ng7 64. b6 Kd7 65. Rc4 Ne6 66. b7 Nd8 67. b8Q Nc6+ 68. Rxc6 Kxc6 69. Qd6+ Kb7 70. g6 Kc8 71. Qe7 Kb8 72. g7 Kc8 73. g8Q# 1-0

[Event "Titled Tuesday intern op 13th Feb Late"]
[Site "Chess.com INT"]
[Date "2024.02.13"]
[Round "10"]
[White "Donchenko, Anatoly G"]
[Black "Andersson, Bjorn2"]
[Result "1-0"]
[WhiteElo "2233"]
[BlackElo "2140"]
[PlyCount "47"]
[EventDate "2024.02.13"]
[EventType "swiss (blitz)"]
[EventRounds "11"]
[EventCountry "USA"]
[SourceTitle "CBM 218 Extra"]
[Source "ChessBase"]
[SourceDate "2024.03.31"]
[SourceVersion "1"]
[SourceVersionDate "2024.03.31"]
[SourceQuality "1"]

1. Nf3 c5 2. c4 Nc6 3. d4 cxd4 4. Nxd4 g6 5. Nc3 Bg7 6. Nb3 Nf6 7. g3 0-0 8. Bg2 d6 9. 0-0 Be6 10. c5 Bxb3 11. Qxb3 dxc5 12. Qxb7 Nd4 13. Qxa8 Qxa8 14. Bxa8 Rxa8 15. Rd1 e5 16. e3 Nc2 17. Rb1 c4 18. b3 Rb8 19. bxc4 Rc8 20. Nd5 Nxd5 21. cxd5 e4 22. Bb2 Bf8 23. Rbc1 Rc4 24. Rd2 1-0

[Event "Titled Tuesday intern op 12th Dec Early"]
[Site "Chess.com INT"]
[Date "2023.12.12"]
[Round "6"]
[White "Donchenko, Anatoly G"]
[Black "Gavrilov, Maxim"]
[Result "1-0"]
[WhiteElo "2233"]
[BlackElo "2186"]
[PlyCount "101"]
[EventDate "2023.12.12"]
[EventType "swiss (blitz)"]
[EventRounds "11"]
[EventCountry "USA"]
[SourceTitle "CBM 217 Extra"]
[Source "ChessBase"]
[SourceDate "2024.01.31"]
[SourceVersion "1"]
[SourceVersionDate "2024.01.31"]
[SourceQuality "1"]

1. Nf3 d5 2. d4 Nf6 3. c4 c6 4. Qc2 g6 5. cxd5 cxd5 6. Nc3 Bg7 7. Bf4 a6 8. e3 0-0 9. Be2 Nc6 10. 0-0 Bf5 11. Qb3 b5 12. a4 b4 13. Na2 a5 14. Nc1 Nh5 15. Bg5 h6 16. Bh4 g5 17. Bg3 Nxg3 18. hxg3 Rc8 19. Nd3 Qd6 20. Rac1 f6 21. Rc5 e6 22. Rfc1 Kh7 23. Qc2 Ne7 24. Qd1 Ra8 25. b3 e5 26. Nde1 e4 27. Nd2 Bd7 28. f4 f5 29. Nf1 Ng6 30. Bb5 Bxb5 31. axb5 Rfb8 32. Rc6 Qd8 33. Qc2 Rxb5 34. Qe2 Rb6 35. Qh5 Rxc6 36. Rxc6 Qe8 37. Rd6 Ne7 38. Qd1 g4 39. Nc2 Qb5 40. Re6 Nc8 41. Nd2 Nb6 42. Qf1 Qxf1+ 43. Kxf1 Nd7 44. Rd6 Ra7 45. Ke2 Rc7 46. Kd1 Bf8 47. Rxd5 Ra7 48. Rxf5 Nb6 49. Nxe4 a4 50. bxa4 Nxa4 51. Nxb4 1-0

[Event "Titled Tuesday intern op 05th Dec Late"]
[Site "Chess.com INT"]
[Date "2023.12.05"]
[Round "5"]
[White "Donchenko, Anatoly G"]
[Black "Ghosh, Chanchal Kumer"]
[Result "1-0"]
[WhiteElo "2233"]
[BlackElo "2026"]
[PlyCount "81"]
[EventDate "2023.12.05"]
[EventType "swiss (blitz)"]
[EventRounds "11"]
[EventCountry "USA"]
[SourceTitle "EXT 2025"]
[Source "ChessBase"]
[SourceDate "2024.10.14"]
[SourceVersion "1"]
[SourceVersionDate "2024.10.14"]
[SourceQuality "1"]

1. Nf3 d5 2. d4 e6 3. c4 Nf6 4. g3 b6 5. Bg2 Bb7 6. cxd5 exd5 7. Nc3 h6 8. 0-0 a6 9. Ne5 Bd6 10. Bf4 0-0 11. Nd3 Re8 12. Bxd6 Qxd6 13. e3 Nbd7 14. Rc1 c5 15. dxc5 bxc5 16. Nf4 Nb6 17. a4 Rad8 18. a5 Nc4 19. Ncxd5 Nxd5 20. Nxd5 Nxb2 21. Qc2 Bxd5 22. Bxd5 Qxd5 23. Qxb2 c4 24. Qc3 Rc8 25. Rfd1 Qf3 26. Rd4 Re5 27. Rxc4 Rxc4 28. Qxc4 Rxa5 29. Qf4 Qxf4 30. gxf4 f5 31. Rc7 Kh7 32. Ra7 Kg6 33. Kg2 Kf6 34. h4 g5 35. fxg5+ hxg5 36. h5 f4 37. h6 Rc5 38. Rxa6+ Kf5 39. h7 Rc8 40. Rh6 Rh8 41. exf4 1-0

[Event "Titled Tuesday intern op 05th Dec Late"]
[Site "Chess.com INT"]
[Date "2023.12.05"]
[Round "1"]
[White "Sattarov, Bobir"]
[Black "Donchenko, Anatoly G"]
[Result "1-0"]
[WhiteElo "2353"]
[BlackElo "2233"]
[PlyCount "67"]
[EventDate "2023.12.05"]
[EventType "swiss (blitz)"]
[EventRounds "11"]
[EventCountry "USA"]
[SourceTitle "EXT 2025"]
[Source "ChessBase"]
[SourceDate "2024.10.14"]
[SourceVersion "1"]
[SourceVersionDate "2024.10.14"]
[SourceQuality "1"]

1. e4 c5 2. Nf3 d6 3. Nc3 a6 4. g3 g6 5. Bg2 Bg7 6. 0-0 Bg4 7. h3 Bxf3 8. Bxf3 Nc6 9. Bg2 Nf6 10. d3 0-0 11. f4 Rb8 12. g4 Nd4 13. a4 b5 14. axb5 axb5 15. Ra7 b4 16. Nd5 Nxd5 17. exd5 Nb5 18. Ra2 Ra8 19. Rxa8 Qxa8 20. Re1 Qa7 21. Kh2 Re8 22. h4 Nd4 23. h5 b3 24. c3 Nc2 25. Rf1 Qa4 26. Be4 Ra8 27. hxg6 hxg6 28. Kg3 Qd7 29. f5 Be5+ 30. Kg2 Kg7 31. Rh1 Ra1 32. Qf3 g5 33. Qh3 e6 34. Qh8# 1-0

[Event "Titled Tuesday intern op 05th Dec Late"]
[Site "Chess.com INT"]
[Date "2023.12.05"]
[Round "7"]
[White "Soderstrom, Adrian"]
[Black "Donchenko, Anatoly G"]
[Result "1-0"]
[WhiteElo "2313"]
[BlackElo "2233"]
[PlyCount "79"]
[EventDate "2023.12.05"]
[EventType "swiss (blitz)"]
[EventRounds "11"]
[EventCountry "USA"]
[SourceTitle "EXT 2025"]
[Source "ChessBase"]
[SourceDate "2024.10.14"]
[SourceVersion "1"]
[SourceVersionDate "2024.10.14"]
[SourceQuality "1"]

1. Nf3 Nf6 2. c4 e6 3. g3 d5 4. d4 Be7 5. Bg2 0-0 6. 0-0 b6 7. cxd5 Nxd5 8. e4 Nf6 9. Nc3 Bb7 10. Qc2 Nbd7 11. Bf4 c5 12. Rad1 cxd4 13. Nxd4 e5 14. Nf5 exf4 15. e5 Bxg2 16. exf6 Bxf6 17. Kxg2 f3+ 18. Kxf3 Rc8 19. Nd6 Rc6 20. Kg2 Bxc3 21. bxc3 Qc7 22. Nb5 Qb7 23. Kg1 Ne5 24. Qe4 Qe7 25. Rfe1 Re6 26. Re3 Qf6 27. Nd4 Ree8 28. Rde1 g6 29. Qd5 Nf3+ 30. Qxf3 Qxf3 31. Nxf3 Rc8 32. Nd4 Rc5 33. Re7 Ra5 34. Nc6 Rxa2 35. Rxa7 Rc2 36. Rc7 Kg7 37. Nd4 Ra2 38. Ne6+ Kg8 39. Nxf8 Kxf8 40. Ree7 1-0

[Event "Titled Tuesday intern op 07th Jun Early"]
[Site "Chess.com INT"]
[Date "2022.06.07"]
[Round "3"]
[White "Cardoso Cardoso, Jose Gabriel"]
[Black "Donchenko, Anatoly G"]
[Result "1-0"]
[WhiteElo "2493"]
[BlackElo "2233"]
[PlyCount "185"]
[EventDate "2022.06.07"]
[EventType "swiss (blitz)"]
[EventRounds "11"]
[EventCountry "USA"]
[SourceTitle "CBM 208 Extra"]
[Source "ChessBase"]
[SourceDate "2022.07.31"]
[SourceVersion "1"]
[SourceVersionDate "2022.07.31"]
[SourceQuality "1"]

1. c4 e6 2. g3 d5 3. Nf3 Nf6 4. Bg2 Be7 5. 0-0 0-0 6. b3 b6 7. Bb2 Bb7 8. e3 c5 9. Qe2 Nc6 10. d3 Rc8 11. Nc3 dxc4 12. dxc4 Qc7 13. Ng5 Rfd8 14. Nce4 Nxe4 15. Nxe4 Ne5 16. Rad1 Ng6 17. h4 h6 18. Qg4 Bf8 19. h5 Ne7 20. Qf3 Nf5 21. Nf6+ gxf6 22. Qxb7 Qxb7 23. Bxb7 Rxd1 24. Rxd1 Rb8 25. Rd7 Ng7 26. Bxf6 Nxh5 27. Be5 Re8 28. g4 Bg7 29. Bxg7 Nxg7 30. Bc6 Rc8 31. Be4 f5 32. Bf3 a5 33. Kg2 fxg4 34. Bxg4 Rb8 35. Kg3 b5 36. cxb5 Rxb5 37. Rc7 a4 38. bxa4 Ra5 39. f4 Rxa4 40. Rxc5 Rxa2 41. Rc7 Ra3 42. Kf3 h5 43. Bh3 Kf8 44. Rc5 Kf7 45. Rc7+ Kf6 46. Rc6 Nf5 47. Bxf5 Kxf5 48. Rc5+ Kg6 49. Rg5+ Kf6 50. Rxh5 Ra1 51. Rh6+ Kf7 52. Ke4 Ra4+ 53. Kf3 Ra1 54. Rh2 Rf1+ 55. Rf2 Ra1 56. Rg2 Rb1 57. Kg4 Kf6 58. Kf3 Ra1 59. Rh2 Ra3 60. Rf2 Kf5 61. Re2 Rb3 62. Rg2 Kf6 63. Rg5 Rb1 64. Rc5 Rf1+ 65. Ke4 Ra1 66. Rc4 Ra5 67. Rd4 Rb5 68. Rd6 Rb4+ 69. Kd3 Kf5 70. Rd8 Rb3+ 71. Ke2 Ra3 72. Kf3 Kf6 73. Rf8+ Ke7 74. Rh8 Kf6 75. Rh5 Kf7 76. Rh6 Ke7 77. Ke4 Ra4+ 78. Kf3 Ra3 79. Kf2 Kf7 80. e4 Rb3 81. e5 Ra3 82. Rf6+ Ke7 83. Rg6 Rb3 84. Rg7+ Kf8 85. Rg3 Rb2+ 86. Kf3 Kf7 87. Kg4 Rb1 88. Kg5 Rb8 89. Rg4 Rg8+ 90. Kh4 Rh8+ 91. Kg3 Rh1 92. Rh4 Rg1+ 93. Kf2 1-0

[Event "Titled Tuesday intern op 07th Jun Early"]
[Site "Chess.com INT"]
[Date "2022.06.07"]
[Round "8"]
[White "Donchenko, Anatoly G"]
[Black "Guzman, Christopher"]
[Result "1-0"]
[WhiteElo "2233"]
[BlackElo "2243"]
[PlyCount "109"]
[EventDate "2022.06.07"]
[EventType "swiss (blitz)"]
[EventRounds "11"]
[EventCountry "USA"]
[SourceTitle "CBM 208 Extra"]
[Source "ChessBase"]
[SourceDate "2022.07.31"]
[SourceVersion "1"]
[SourceVersionDate "2022.07.31"]
[SourceQuality "1"]

1. Nf3 Nf6 2. d4 e6 3. c4 b6 4. g3 Bb7 5. Bg2 Be7 6. 0-0 0-0 7. Nc3 d5 8. cxd5 Nxd5 9. Nxd5 Bxd5 10. Qc2 Nd7 11. e4 Bb7 12. Rd1 Rc8 13. Bf4 Qe8 14. d5 Bc5 15. a3 a5 16. Qc3 Nf6 17. b4 axb4 18. axb4 Bxf2+ 19. Kh1 Nxe4 20. Qc2 exd5 21. Ng5 Nxg5 22. Bxg5 Qe5 23. Bf4 Qf6 24. Qxf2 g5 25. Be3 Qg6 26. Rac1 Rfe8 27. Bd4 Re6 28. Rf1 h6 29. b5 c5 30. bxc6 Rcxc6 31. Rxc6 Bxc6 32. h3 h5 33. Kh2 Bb5 34. Re1 Bc4 35. Rxe6 Qxe6 36. Qf6 Qxf6 37. Bxf6 g4 38. h4 Kh7 39. Kg1 Kg6 40. Bd4 b5 41. Bc3 Kf5 42. Kf2 b4 43. Bxb4 Ke5 44. Ke3 d4+ 45. Kd2 f5 46. Ba5 Ke6 47. Bc7 Kf6 48. Bf4 Ke6 49. Kc2 Kf6 50. Bb7 Ke6 51. Bc8+ Kd5 52. Bxf5 Be2 53. Bg6 Kc4 54. Kd2 Kd5 55. Kxe2 1-0

[Event "Titled Tuesday intern op 07th Jun Early"]
[Site "Chess.com INT"]
[Date "2022.06.07"]
[Round "11"]
[White "Donchenko, Anatoly G"]
[Black "Sargsyan, Anna M"]
[Result "0-1"]
[WhiteElo "2233"]
[BlackElo "2378"]
[PlyCount "74"]
[EventDate "2022.06.07"]
[EventType "swiss (blitz)"]
[EventRounds "11"]
[EventCountry "USA"]
[SourceTitle "CBM 208 Extra"]
[Source "ChessBase"]
[SourceDate "2022.07.31"]
[SourceVersion "1"]
[SourceVersionDate "2022.07.31"]
[SourceQuality "1"]

1. Nf3 d5 2. d4 Nf6 3. c4 c6 4. Qc2 dxc4 5. Qxc4 Bf5 6. g3 Qd5 7. Nbd2 Ne4 8. Bg2 Nxd2 9. Qxd5 cxd5 10. Bxd2 Nc6 11. 0-0 e6 12. Rfc1 Bd6 13. Bf4 Kd7 14. Bxd6 Kxd6 15. e3 Rac8 16. Bf1 Nb4 17. Ne1 a6 18. Rc3 Rxc3 19. bxc3 Nc6 20. c4 dxc4 21. Bxc4 Rc8 22. Bd3 Bxd3 23. Nxd3 Na5 24. a4 Rc2 25. Nc5 f5 26. Rb1 Kd5 27. Nxb7 Nc4 28. Nc5 Nd2 29. Rb7 g5 30. Rd7+ Kc6 31. Rxh7 g4 32. h3 Nf3+ 33. Kf1 Kd5 34. hxg4 fxg4 35. Rh5+ Kc4 36. Nxe6 Rc1+ 37. Ke2 Re1# 0-1

[Event "Titled Tuesday intern op 03rd May Late"]
[Site "Chess.com INT"]
[Date "2022.05.03"]
[Round "8"]
[White "Carrasco Miranda, Andres"]
[Black "Donchenko, Anatoly G"]
[Result "1-0"]
[WhiteElo "2285"]
[BlackElo "2233"]
[PlyCount "83"]
[EventDate "2022.05.03"]
[EventType "swiss (blitz)"]
[EventRounds "11"]
[EventCountry "USA"]
[SourceTitle "CBM 208 Extra"]
[Source "ChessBase"]
[SourceDate "2022.07.31"]
[SourceVersion "1"]
[SourceVersionDate "2022.07.31"]
[SourceQuality "1"]

1. d4 d5 2. c4 dxc4 3. e4 Nf6 4. e5 Nd5 5. Bxc4 Nc6 6. Ne2 Nb6 7. Bb3 Bf5 8. Nbc3 e6 9. Be3 Nb4 10. 0-0 N4d5 11. Ng3 Bg6 12. a4 a5 13. Rc1 Be7 14. Qd2 c6 15. Nge4 0-0 16. Nxd5 Nxd5 17. Nc5 Rb8 18. g3 h6 19. Nd3 Qb6 20. Bxd5 exd5 21. f4 Be4 22. f5 f6 23. Nc5 Bxc5 24. dxc5 Qb4 25. e6 Kh7 26. Qe2 Rbe8 27. Qh5 Re7 28. Rf2 Qxa4 29. Bf4 Qd4 30. Bd6 Rfe8 31. Qg6+ Kg8 32. Bxe7 Rxe7 33. Re1 Qxc5 34. h4 Qb6 35. g4 Qd8 36. g5 Qe8 37. Qxe8+ Rxe8 38. gxf6 gxf6 39. Rxe4 dxe4 40. Rf4 Rd8 41. Rxe4 Rd2 42. e7 1-0

[Event "Titled Tuesday intern op 03rd May Late"]
[Site "Chess.com INT"]
[Date "2022.05.03"]
[Round "10"]
[White "Donchenko, Anatoly G"]
[Black "Simonovic, Miroslav"]
[Result "0-1"]
[WhiteElo "2233"]
[BlackElo "2115"]
[PlyCount "98"]
[EventDate "2022.05.03"]
[EventType "swiss (blitz)"]
[EventRounds "11"]
[EventCountry "USA"]
[SourceTitle "CBM 208 Extra"]
[Source "ChessBase"]
[SourceDate "2022.07.31"]
[SourceVersion "1"]
[SourceVersionDate "2022.07.31"]
[SourceQuality "1"]

1. Nf3 c5 2. c4 Nc6 3. Nc3 e5 4. d3 g6 5. g3 Bg7 6. Bg2 Nge7 7. 0-0 h6 8. Ne1 0-0 9. Nc2 d6 10. Ne3 f5 11. Ned5 Nxd5 12. Nxd5 Be6 13. Rb1 a5 14. a3 Ne7 15. Nxe7+ Qxe7 16. b4 cxb4 17. axb4 a4 18. Ba3 Qd7 19. b5 Rfd8 20. Qd2 d5 21. cxd5 Bxd5 22. Bxd5+ Qxd5 23. Rfd1 e4 24. Qc2 exd3 25. Rxd3 Qe4 26. Rxd8+ Rxd8 27. Qxe4 fxe4 28. Rb4 Rd4 29. Rxd4 Bxd4 30. Kf1 Kf7 31. f3 e3 32. Ke1 Ke6 33. Kd1 Kd5 34. Kc2 Kc4 35. f4 h5 36. h3 Bc5 37. Bc1 a3 38. g4 hxg4 39. hxg4 Kxb5 40. Kb3 Kc6 41. Bxa3 Bxa3 42. Kxa3 Kd5 43. Kb4 Ke4 44. Kc3 Kxf4 45. Kd3 b5 46. g5 b4 47. Kc4 Kxg5 48. Kxb4 Kf4 49. Kc4 g5 0-1

[Event "Titled Tuesday intern op 03rd May Late"]
[Site "Chess.com INT"]
[Date "2022.05.03"]
[Round "1"]
[White "Khanin, Semen"]
[Black "Donchenko, Anatoly G"]
[Result "1-0"]
[WhiteElo "2510"]
[BlackElo "2233"]
[PlyCount "53"]
[EventDate "2022.05.03"]
[EventType "swiss (blitz)"]
[EventRounds "11"]
[EventCountry "USA"]
[SourceTitle "CBM 208 Extra"]
[Source "ChessBase"]
[SourceDate "2022.07.31"]
[SourceVersion "1"]
[SourceVersionDate "2022.07.31"]
[SourceQuality "1"]

1. c4 e6 2. Nf3 d5 3. e3 Nf6 4. b3 b6 5. Bb2 Be7 6. g3 0-0 7. Bg2 Bb7 8. 0-0 c5 9. Nc3 dxc4 10. bxc4 Nc6 11. Qe2 Qc7 12. d3 Rac8 13. Rad1 Rfd8 14. Ne1 Nb4 15. f4 Bxg2 16. Nxg2 Rd7 17. a3 Nc6 18. f5 exf5 19. Rxf5 Rcd8 20. g4 h6 21. h4 Qg3 22. Rxf6 Bxf6 23. Ne4 Qc7 24. Bxf6 Ne5 25. Bxd8 Qxd8 26. Nf2 Nxc4 27. dxc4 1-0

[Event "Titled Tuesday intern op 03rd May Late"]
[Site "Chess.com INT"]
[Date "2022.05.03"]
[Round "7"]
[White "Petrova, Irina"]
[Black "Donchenko, Anatoly G"]
[Result "1/2-1/2"]
[WhiteElo "2127"]
[BlackElo "2233"]
[PlyCount "210"]
[EventDate "2022.05.03"]
[EventType "swiss (blitz)"]
[EventRounds "11"]
[EventCountry "USA"]
[SourceTitle "CBM 208 Extra"]
[Source "ChessBase"]
[SourceDate "2022.07.31"]
[SourceVersion "1"]
[SourceVersionDate "2022.07.31"]
[SourceQuality "1"]

1. e4 Nf6 2. e5 Nd5 3. d4 d6 4. c4 Nb6 5. exd6 exd6 6. Nc3 Nc6 7. h3 Be7 8. Nf3 Bf5 9. Be2 0-0 10. 0-0 h6 11. b3 Re8 12. Be3 d5 13. c5 Nc8 14. a3 a5 15. Bd3 Bxd3 16. Qxd3 Bf6 17. Rfe1 N8e7 18. Rad1 Qd7 19. Bf4 Nf5 20. Nb5 Rxe1+ 21. Rxe1 Bd8 22. g4 Nfe7 23. Re3 Ng6 24. Bg3 Na7 25. Nxa7 Rxa7 26. Qe2 Kf8 27. Ne5 Nxe5 28. Bxe5 Ra8 29. Bg3 Bf6 30. Be5 Bd8 31. Bg3 Bg5 32. f4 Bf6 33. Qd3 Re8 34. f5 c6 35. Bf4 Bd8 36. Rxe8+ Qxe8 37. Qe3 Qxe3+ 38. Bxe3 Bc7 39. Kf2 Kg8 40. Ke2 Kh7 41. Kd3 g6 42. fxg6+ Kxg6 43. b4 axb4 44. axb4 h5 45. Ke2 hxg4 46. hxg4 f5 47. gxf5+ Kxf5 48. Kd3 Kg4 49. Bg1 Kf3 50. Be3 Bh2 51. Bh6 Bf4 52. Bg7 Bc1 53. Kc2 Bf4 54. Kd3 Kf2 55. Bf6 Ke1 56. Bg7 Kd1 57. Bf6 Kc1 58. Kc3 Bd2+ 59. Kb3 Be3 60. Kc3 Kb1 61. Kb3 Bf2 62. b5 Kc1 63. bxc6 bxc6 64. Kc3 Kd1 65. Kd3 Ke1 66. Be5 Bh4 67. Ke3 Bg5+ 68. Kd3 Kf2 69. Bg7 Kf3 70. Bh8 Be7 71. Bg7 Kf4 72. Be5+ Kf5 73. Bg3 Bf6 74. Bf2 Kf4 75. Be3+ Kf3 76. Bg1 Kg2 77. Be3 Kf3 78. Bg1 Bh4 79. Be3 Bf2 80. Bg5 Bg3 81. Bf6 Kg4 82. Bg7 Kf5 83. Bf8 Bf4 84. Be7 Bg3 85. Bd8 Bb8 86. Ba5 Ke6 87. Bd2 Kf5 88. Be3 Ke6 89. Bf2 Bc7 90. Be1 Bf4 91. Bf2 Kf5 92. Be1 Kg4 93. Ba5 Kf3 94. Bb6 Bg3 95. Ba5 Bf4 96. Bb6 Bh2 97. Ba5 Bg1 98. Bb6 Kf2 99. Bc7 Kf3 100. Bd6 Bf2 101. Be5 Bh4 102. Bd6 Bg3 103. Be7 Bf4 104. Bd8 Bg3 105. Ba5 Bf4 1/2-1/2

[Event "Titled Tuesday intern op 03rd May Late"]
[Site "Chess.com INT"]
[Date "2022.05.03"]
[Round "5"]
[White "Stojanovski, Sandi"]
[Black "Donchenko, Anatoly G"]
[Result "1/2-1/2"]
[WhiteElo "2242"]
[BlackElo "2233"]
[PlyCount "141"]
[EventDate "2022.05.03"]
[EventType "swiss (blitz)"]
[EventRounds "11"]
[EventCountry "USA"]
[SourceTitle "CBM 208 Extra"]
[Source "ChessBase"]
[SourceDate "2022.07.31"]
[SourceVersion "1"]
[SourceVersionDate "2022.07.31"]
[SourceQuality "1"]

1. d3 c5 2. Nf3 g6 3. g3 Bg7 4. Bg2 Nc6 5. 0-0 Nf6 6. c4 0-0 7. Nc3 b6 8. Qd2 Bb7 9. b3 d5 10. cxd5 Nxd5 11. Bb2 Nxc3 12. Bxc3 Qd6 13. Bxg7 Kxg7 14. a3 a5 15. e3 Rfd8 16. Qc3+ f6 17. Rfd1 Rac8 18. h4 Rc7 19. h5 Ne5 20. Nxe5 Qxe5 21. Qxe5 fxe5 22. Bxb7 Rxb7 23. hxg6 hxg6 24. Kf1 Rbd7 25. Ke2 Kf6 26. b4 cxb4 27. axb4 Ra8 28. Ra4 Rda7 29. Rda1 Ke6 30. Kf3 Kd5 31. Kg4 Ke6 32. Kg5 Kf7 33. Kg4 Kf6 34. Kf3 Kf5 35. g4+ Kf6 36. Ke4 Ke6 37. f3 Kd6 38. g5 Ke6 39. R1a2 Kd6 40. Ra1 Ke6 41. d4 exd4 42. Kxd4 Rf8 43. f4 Rfa8 44. Kc4 Kf5 45. Kb5 Ra6 46. R1a3 Ke4 47. Kc6 Kf5 48. Kb5 e5 49. fxe5 Kxe5 50. bxa5 bxa5 51. Rxa5 Rxa5+ 52. Rxa5 Rc8 53. Ra6 Kf5 54. Rc6 Re8 55. Rc3 Kxg5 56. Kc5 Kf5 57. Kd4 Rd8+ 58. Kc5 Ke4 59. Ra3 g5 60. Kc6 Rd3 61. Ra4+ Kf3 62. e4 g4 63. e5 g3 64. e6 g2 65. Ra1 Kf2 66. Ra2+ Kg3 67. Rxg2+ Kxg2 68. e7 Re3 69. Kd7 Kf3 70. e8Q Rxe8 71. Kxe8 1/2-1/2

[Event "Titled Tuesday intern op 22 Mar Late"]
[Site "Chess.com INT"]
[Date "2022.03.22"]
[Round "11"]
[White "Donchenko, Anatoly G"]
[Black "Almagro Mazariegos, Sebastian"]
[Result "0-1"]
[WhiteElo "2233"]
[BlackElo "2280"]
[PlyCount "104"]
[EventDate "2022.03.22"]
[EventType "swiss (blitz)"]
[EventRounds "11"]
[EventCountry "USA"]
[SourceTitle "CBM 207 Extra"]
[Source "ChessBase"]
[SourceDate "2022.05.31"]
[SourceVersion "1"]
[SourceVersionDate "2022.05.31"]
[SourceQuality "1"]

1. Nf3 Nf6 2. d4 g6 3. c4 Bg7 4. Nc3 0-0 5. e4 d6 6. Be2 c5 7. 0-0 Nc6 8. d5 Na5 9. Bf4 Bg4 10. h3 Bxf3 11. Bxf3 Nxc4 12. Qb3 Na5 13. Qc2 a6 14. e5 Ne8 15. exd6 Nxd6 16. Rfe1 b5 17. Ne4 Rc8 18. Rad1 Nac4 19. b3 Nxe4 20. bxc4 Nd6 21. cxb5 axb5 22. Bg4 Rc7 23. Re2 c4 24. Rde1 Bf6 25. a3 Qa8 26. Re3 Qxd5 27. Bf3 Qc5 28. R3e2 Qxa3 29. Rb1 b4 30. Bc1 Qc3 31. Qa4 b3 32. Bd2 Qd3 33. Rbe1 Nf5 34. Be4 Qd7 35. Qb4 c3 36. Bf4 b2 37. Bxc7 Qxc7 38. Rd1 Rd8 39. Ree1 Rxd1 40. Rxd1 Nd6 41. Bc2 Qc6 42. Qb8+ Kg7 43. Qb3 h5 44. Bb1 Nb5 45. Ba2 e6 46. Bb1 Nd4 47. Rxd4 Bxd4 48. Qc2 Qc5 49. Kf1 h4 50. Qd3 f5 51. Qe2 Kf6 52. Qc2 Bxf2 0-1